02420njm a2200361Ia 4500001000600000003000900006005001700015008004100032040001300073040001300086041001300099100001100112100001800123100003800141245007000179250001100249260001100260260006100271300001000332300003000342500005100372505041500423650005000838700006500888700027300953700018501226700008001411700010401491700014101595700007301736700014501809700010401954A1296IT-RoPAU20220918181123.0131025s9999 xx 000 0 und d aIT-RoPAU cIT-RoPAU aITALIANO aAA.VV. eAutore musica gCodice autore musica SPICS: 12000 aFivelandia 9-Le più belle sigle originali dei tuoi amici in tv  a1a ed. aMILANO bFIVE RECORDc1991 [1a Ed.:1991 - Ed. Lingua Orig.: 1991] aDISCO c52 minuti (Testo: 0 pag.) aSigle televisive degli sSpettacoli per bambini aIl libro della giungla (4:00) - Ciao Sabrina (4:00) - Il mistero della pietra azzurra (4:00) - I nonni ascoltano (4:00) - Papà Gambalunga (4:00) - Bravo Moliere (4:00) - Quando è in onda Bim bum bam (4:00) - L'Europa siamo noi (4:00) - Dolceluna (4:00) - Luna party (4:00) - Mille luci nel bosco (4:00) - D'Artacan (4:00) - Il ritorno dei cavalieri dello zodiaco (4:00) - Corre il treno di ciao ciao (4:00) aSIGLE TV [DISCHI]eCodice MATERIA SPICS: 9950 aD'Avena CristinadCodice interprete SPICS: 24664eInterprete aValeri Manera AlessandradCodice autore musica SPICS: 26074eAutore musicapIl libro della giungla - Ciao Sabrina - Il mistero della pietra azzurra - I nonni ascoltano - Papà Gambalunga - L'Europa siamo noi - Dolceluna - Luna party - Mille luci nel bosco - D'Artacan aCarucci N.dCodice autore SPICS: 24632eAutorepIl libro della giungla - Il mistero della pietra azzurra - I nonni ascoltano - Papà Gambalunga - Luna party - Mille luci nel bosco aCassano PierodCodice autore SPICS: 18807eAutorepCiao Sabrina - Dolceluna aMarino PietrodCodice autore testo/musica SPICS: 310eAutore testo/musicapCiao Sabrina - Dolceluna aAlinvestdCodice autore musica SPICS: 24487eAutore musicapBravo Moliere - Quando è in onda Bim bum bam - Corre il treno di ciao ciao aPani MassimilianodCodice autore SPICS: 18920eAutorepBravo Moliere aDraghi E.dCodice autore SPICS: 24633eAutorepQuando è in onda Bim bum bam - L'Europa siamo noi - D'Artacan - Corre il treno di ciao ciao aDorati M.dCodice autore musica SPICS: 34725eAutore musicapIl ritorno dei cavalieri dello zodiaco